000 00841nam a2200265 a 4500
001 000013248
005 20200929163156.0
008 091120s1986 sp 001 f spa d
020 _a8472227723
040 _aDO-SdBNP
_bspa
_cBNPHU
082 _a849.954
_bM379m
100 1 _aMartín, Andreu,
_d1949-
_930430
240 1 0 _aHistòria de mort.
_lEspañol
245 1 0 _aMemento de difuntos /
_cAndreu Martín ; traducción de Amaya Unzurrunzaga.
260 _aBarcelona :
_bLaia,
_c1986.
300 _a285, [2] p. ;
_c21 cm.
490 1 _aLos extraordinarios
534 _pTítulo original en catalán
_tHistòria de mort
650 4 _aNovela catalana
_919902
650 4 _aLiteratura catalana
_ySIGLO XX
_911451
700 1 _aUnzurrunzaga, Amaya,
_etr.
_930431
830 4 _aLos extraordinarios
_930432
910 _aWM
049 _aBNGR
999 _c12879
_d12879